Sanat "Ikävä" - Pave Maijanen - Statistics

Yleistilastot
  • Tätä visaa on pelattu 32 kertaa
  • Keskiarvotulos 142 / 209
Vastaustilastot
Vastaus % Oikein
on
100%
ikävä
95%
minulla
95%
suunnaton
95%
jo
90%
ollut
90%
ei
85%
koskaan
85%
ole
85%
olekaan
85%
ehkä
80%
jota
80%
Onko
80%
onko
80%
sen
80%
sulla
80%
et
75%
sinne
75%
joskus
70%
jotain
70%
sinulla
70%
Sinulla
70%
kaivannut
65%
65%
sinua
65%
varmasti
65%
kauan
60%
kuullutkaan
60%
olet
60%
oo
60%
tullut
60%
en
55%
hetken
55%
minä
55%
elämääsi
50%
johon
50%
menettänyt
50%
menojaan
50%
minua
50%
mistä
50%
mitä
50%
olemassakaan
50%
olen
50%
päiviä
50%
tiedä
50%
edes
45%
ja
45%
kaipaatkaan
45%
lapsena
45%
menneen
45%
niinkuin
45%
pieni
45%
pitkiä
45%
satu
45%
tai
45%
uskoit
45%
elämäsi
40%
joista
40%
lyhyitä
40%
nyt
40%
ohi
40%
sinä
40%
hohteen
35%
ikävöinyt
35%
kokonaan
35%
tulisen
35%
Tunsitko
35%
tunsitko
35%
vaikket
35%
aloitetaan
30%
huomaakaan
30%
huomasitko
30%
joka
30%
kaunis
30%
omaa
30%
otettakaan
30%
saanut
30%
sanoit
30%
sitten
30%
uudestaan
30%
kohta
25%
maisema
25%
ettet
20%
ootko
20%
kulkee
15%
Ehtoja vastaavia visoja ei löytynyt
Tulosjakauma
Jokaisen tuloksen saaneiden osuus
Persentiili vastausten määrän mukaan
Tuloshistoriasi
Et ole pelannut tätä visaa